000 00645cam a22002172 4500
001 0000000140
005 20151021151038.0
008 070111s xx 000 0 eng d
020 _a0782142052 :
_cGBP 36.28
040 _aKABU
_cKABU
050 0 _aQA76.76
_b.D47B64
100 1 _aBoggs, Wendy.
_@0000148173
245 1 0 _aMastering rational XDE /
_cWendy Boggs.
260 _aSan Francisco :
_bSybex,
_c2003.
300 _axxi, 614 p.
650 0 _aRational XDE.
_@0000148174
650 0 _aComputer software
_xDevelopment.
_@0000148175
908 _a070111
950 _@1
999 _c27
_d27